[Event "Barcelona op rap"]
[Site "Barcelona"]
[Date "1996.12.15"]
[Round "6"]
[White "Ruiz Sala, Antonio"]
[Black "Touzane, Olivier"]
[Result "0-1"]
[WhiteElo "2140"]
[BlackElo "2495"]
[PlyCount "60"]
[EventDate "1996.12.??"]
[EventType "swiss (rapid)"]
[EventRounds "8"]
[EventCountry "ESP"]
[SourceTitle "EXT 2001"]
[Source "ChessBase"]
[SourceDate "2000.11.22"]
[SourceVersion "1"]
[SourceVersionDate "2000.11.22"]
[SourceQuality "1"]

1. e4 c5 2. Nf3 d6 3. Bb5+ Nd7 4. d4 cxd4 5. Qxd4 Ngf6 6. Bg5 e5 7. Qd3 a6 8. Bxd7+ Bxd7 9. Nc3 Be6 10. 0-0 Qc8 11. b3 Nd7 12. Nd5 Nc5 13. Qe3 Bxd5 14. exd5 Qf5 15. Nd4 Qe4 16. Qxe4 Nxe4 17. Nf3 Nc3 18. Rfe1 f6 19. Bd2 Nxd5 20. c4 Nc7 21. Rad1 Ne6 22. Bb4 0-0-0 23. Ba5 Rd7 24. g3 Be7 25. Rd5 Bd8 26. Bb4 Bc7 27. Nd2 Nd4 28. Bc3 Nc6 29. Ne4 Rhd8 30. Red1 b6 0-1

[Event "Barcelona op rap"]
[Site "Barcelona"]
[Date "1996.12.14"]
[Round "3"]
[White "Ribes Oliveras, Josep"]
[Black "Ruiz Sala, Antonio"]
[Result "1/2-1/2"]
[WhiteElo "1935"]
[BlackElo "2120"]
[PlyCount "57"]
[EventDate "1996.12.??"]
[EventType "swiss (rapid)"]
[EventRounds "8"]
[EventCountry "ESP"]
[SourceTitle "EXT 2001"]
[Source "ChessBase"]
[SourceDate "2000.11.22"]
[SourceVersion "1"]
[SourceVersionDate "2000.11.22"]
[SourceQuality "1"]

1. Nc3 g6 2. d4 Bg7 3. h4 Nf6 4. e4 d6 5. Be2 h5 6. Bg5 b6 7. Qd3 Ba6 8. Qf3 Bxe2 9. Ngxe2 Nbd7 10. 0-0-0 e5 11. Nd5 Bh6 12. dxe5 Bxg5+ 13. hxg5 Nxd5 14. Rxd5 Qxg5+ 15. Kb1 Nxe5 16. Qh3 Qe7 17. f4 Ng4 18. Qxg4 hxg4 19. Rxh8+ Kd7 20. Rxa8 Qxe4 21. Nc3 Qxg2 22. Rxa7 Qf1+ 23. Rd1 Qf3 24. a4 g3 25. Re1 g2 26. Nb5 Qf2 27. Rxc7+ Kd8 28. Rce7 g1Q 29. Re8+ 1/2-1/2